| 000 | 00651nam a2200181Ia 4500 | ||
|---|---|---|---|
| 008 | 151018s9999 xx 000 0 und d | ||
| 082 |
_bRBASDV36593 _a891.462 |
||
| 100 | _aरमाकांत श पायाजी | ||
| 245 | _aउभा आंधळा मी अंधारी | ||
| 250 | _b2 | ||
| 260 |
_bअत्रे सभागृह _c1990 |
||
| 300 | _a74 | ||
| 600 | _aरमाकांत श पायाजी | ||
| 630 | _aउभा आंधळा मी अंधारी | ||
| 700 | _aरमाकांत श पायाजी | ||
| 730 | _aउभा आंधळा मी अंधारी | ||
| 942 | _cBOOK | ||
| 999 |
_c1036040 _d1036037 |
||